00624nam a2200145Ia 4500008004100000082001800041100005500059245010000114260003500214300002100249856007000270942001200340999001900352952010700371210430s9999 xx 000 0 und d a001.4 W4151 W aWeidenborner, Stephen and Caruso, Domenick.953407 aWriting research papers. a guide to the process. /cWeidenborner, Stephen and Caruso, Domenick. a[S.l.] :bSt Martins Pr,c1997 a1 v. (unpaged) ; uhttp://www.amazon.com/exec/obidos/ASIN/B000OTF7HS/chopaconline-20 cBK2ddc c563400d563400 001040708NFICaSCMEbSCMEcGENd0000-00-00l0o001.4 W4151 WpSCME-2318r2021-04-30w2021-04-30yBK